000 00339nam a22001337a 4500
020 _a0071162062
040 _cNust
082 _a650.01513
_bDON
100 _aEugene Don
_9125338
245 _aBasic Business Mathematics
260 _aNew York:
_bMcGraw Hill,
_c2000.
650 _aBasic Business Mathematics
_9127430
942 _2ddc
_cBK
999 _c612559
_d612559